000 00840nam a2200253Ia 4500
003 OSt
005 20220918171143.0
006 a|||||r|||| 00| 0
007 ta
008 220917b |||||||| |||| 00| 0 eng d
020 _a9781403996855 (pbk)
_c1346.19
024 _a281,847
037 _bIN/2014-15/590, 15/09/2014, Selectbook Service Syndicate
_cTextual
040 _aARTS
_cARTS
_beng
041 _2eng
_aeng
082 _aT:3(S:44), P5
100 _aCottrell Stella
_934537
245 0 _aCritical thinking skills
_b Developing effective analysis and argument
260 _aNew York
_bPalgrave Macmillan USA
_c2005
300 _axiv,250p.
_ccm.
650 _aEDUCATION
942 _hT:3(S:44), P5
_cTEXL
_2CC
999 _c138139
_d138139